000 00859caa a2200181 4500
999 _c443051
_d443051
003 UA-OsUOA
005 20191203095417.0
008 191203b un ||||| |||| 00| 0 ukr d
040 _aUA-OsUOA
_bukr
_cUA-OsUOA
_dUA-OsUOA
041 _aukr
080 _a908
090 _a908
100 _aШпічак Л.
245 _a"Ми прагнемо словом освятити душі" (до питання про історію Острозької центральної районної бібліотеки)
_cЛ. Шпічак
300 _aС. 514–517
773 0 _0366895
_9390170
_dОстрог Свинарчук Р. В. 2011
_o136211
_tІсторія музейництва, пам'яткоохоронної справи, краєзнавства і туризму в м. Острозі і на Волині
_w(UA-OsUOA) 80586
942 _2udc
_cBKA